01919nam a2200301 u 450000100070000000500170000700800410002403500110006504000130007604100080008908200080009710000460010524500970015126000350024830000180028350008940030161000350119565000250123065000240125565000230127965000260130265000500132865000370137865000430141565000240145865100200148250001150150231474220260506082638.0981111s1998 ||||||m| spa  a314742 ccomduadb aspa 4a33410aAtehortua Castañeda, Luz Ayde4auteaut10aIncidencia de Confiar Caja Cooperativa en la vida personal y familiar de sus grupos sociales aMedellín :bAutor(a),c1998. a105 páginas aCONTENIDO : Presentación. -- Introducción. -- 1: Metodología. -- 2: ¿El cooperativismo, una alternativa económica y social? 3: Confiar, una experiencia cooperativa para crecer y trascender. -- 4: Los grupos sociales de confiar y su vivencia cooperativa. -- 4.1: Características4.1.1: Edad. -- 4.1.2: Sexo. -- 4.1.3: Estado civil. -- 4.1.4: Ocupación. -- 4.1.5: Escolaridad. -- 4.2: La democracia en los grupos sociales de confiar. -- 5: LA familia, huella individual y grupal. -- 5.1: Características generales de las familias de los grupos sociales de confiar. -- 5.1.1: Composición familiar. -- 5.1.2: Edad. -- 5.1.3: Situación ocupacional. -- 5.1.4: Niveles de escolaridad. -- 5.2: Economía familiar. -- 5.3: Vivienda. -- 5.4: Cotidianidad de las familias. -- 5.5: Confiar en las familias, un camino a emprender. -- 6: Recomendaciones. -- Bibliografía. -- Anexos.24aConfiar Cooperativa Financiera aAntioquia (Colombia) aBoyacá (Colombia) 7aCooperativas2lemb aAspectos económicos aCooperativas de ahorro y crédito - Colombia aFamilia - Condiciones economicas 7aParticipación socialzColombia2lemb aVivienda - Colombia 7aColombia2embne aTesis (Especialista en Gerencia del Desarrollo Social). Universidad de Antioquia - Título del grado otorgado